| 000 | 00828nam a2200253Ia 4500 | ||
|---|---|---|---|
| 003 | OSt | ||
| 005 | 20220926013714.0 | ||
| 006 | a|||||r|||| 00| 0 | ||
| 007 | ta | ||
| 008 | 220923b |||||||| |||| 00| 0 eng d | ||
| 020 |
_a0471400688 _c3072.1999999999998 |
||
| 037 |
_b5129, 17/02/2005, Overseas _cGeneral Book |
||
| 040 |
_aRTL _cRTL _beng |
||
| 041 |
_2eng _aeng |
||
| 082 | _aX:(Z,267), P2 | ||
| 100 |
_aBerman Bruce Ed. _9318893 |
||
| 245 | 0 |
_aFrom ideas to assets _b Investing wisely in tntellectual property |
|
| 260 |
_aNew York _bJohn Wiley & Sons _c2002 |
||
| 300 |
_axxviii,640p _ccm. |
||
| 500 | _aGlossary P 561-576 | ||
| 650 |
_aEconomics Irt Law Intellectual _9318894 |
||
| 942 |
_hX:(Z,267), P2 _cGB _2CC |
||
| 999 |
_c626669 _d626669 |
||